000 00810cam a2200241 a 4500
003 OSt
005 20260129105641.0
008 920127s1993 caua b 001 0 eng
020 _a0534167586
_qacid-free, recycled paper
020 _a9780534167585
_q(acid-free, recycled paper)
040 _aKABLIB
_cKABLIB
_beng.
_erda
082 0 0 _a150.724
_223
_bMYR
100 1 _aMyers, Anne.
_914843
245 1 0 _aExperimental psychology /
_cAnne Myers, Christine H. Hansen.
250 _a3rd ed.
260 _aPacific Grove, CA :
_bBrooks/Cole Pub. Co.,
_cc1993.
300 _axviii, 508 p. :
_bill. ;
_c25 cm.
336 _atext
_btxt
_2rdacontent
504 _aIncludes bibliographical references and index.
650 0 _aPsychology, Experimental.
_914844
700 1 _aHansen, Christine H.
_914845
942 _2ddc
_cBOOK
999 _c5887
_d5887